| 000 | 00870nam a2200301 a 4500 | ||
|---|---|---|---|
| 999 |
_c6867 _d6867 |
||
| 001 | 6867 | ||
| 003 | BD-JhCC | ||
| 005 | 20180210180314.0 | ||
| 008 | 870715s1987 enkab 000 0 eng d | ||
| 020 | _a0813301254 U.S. | ||
| 020 | _a070995106X | ||
| 035 | _a(BD-JhCC)6867 | ||
| 040 |
_aBD-JhCC _dBD-JhCC |
||
| 041 | _aeng | ||
| 050 | 0 | _aDS247.O65 | |
| 082 |
_a953.53 _219 _bALL 1987 |
||
| 100 | 1 | _aAllen, Calvin H. | |
| 245 | 1 | 0 |
_aOman : _bthe modernization of the Sultanate / _cCalvin H. Allen, Jr |
| 260 |
_aBoulder, Colo : _bWestview ; _aLondon : _bCroom Helm, _c1987 |
||
| 300 |
_axiii, 154 p. : _bill., maps ; _c24 cm |
||
| 490 | 1 | _aWestview profiles. Nations of the contemporary Middle East | |
| 504 | _aIncludes index | ||
| 650 | _aPolitics and goverment | ||
| 651 | 0 |
_aOman _xHistory |
|
| 830 | 0 | _aWestview profiles. | |
| 942 |
_2ddc _cBK |
||